000 00244nam a2200097Ia 4500
008 230915s9999 xx 000 0 und d
050 _aQM 25 .H86 2017
100 _aGOSLING, JOHN
245 0 _aHuman anatomy : color atlas and text
942 _cBK
999 _c192878
_d192878